000 01464cam a2200361 i 4500
005 20191224041730.0
008 040520s2001 ck a r 00010 spa d
015 _ack-2002-xxxx
020 _a958698060X
040 _ala
_cla
_dCO-BoIAVH
041 0 _aspa
082 0 4 _a639.39
_bO84g
100 1 _aOssa Velásquez, Jaime L. de La
245 1 0 _aGuía para el manejo y cría del caimán del magdalena o caimán aguja :
_bcrocodylus acutus (Cuvier) /
_cJaime L. de la Ossa Velásquez ; editado por Henry Yesid Bernal y Claudia Vallejo Londoño
250 _aEdición Henry Yesid Bernal [and] Claudia Vallejo Londoño.
260 _aBogotá :
_bConvenio Andrés Bello,
_c2002.
300 _a63 páginas :
_bilustraciones ;
_c28 cm.
490 0 0 _aSerie ciencia y tecnología ;
_v96
500 _aTítulo tomado de la caratula.
500 _aIncluye glosario.
504 _aIncluye referencias bibliográficas.
650 1 4 _aCaimanes
_x Cría y desarrollo
_v Guías.
650 2 4 _aCía de repties.
_vGuías
650 4 _aCaimanes
_x Reproducción.
651 _aCaimanes
_xAgricultura
700 1 _aDurán Delgado, Luis Aurelio,
_d1967-,
_eilustrador
700 1 _aAcevedo, Hernando,
_eilustrador
700 1 _aBernal, Henry Yesid,
_eeditor
700 1 _aVallejo Londoño, Claudia,
_e.editor
710 2 _aConvenio Andrés Bello
942 _2ddc
_cLIBRO
_02
949 _ac
_bn
999 _c4249
_d4249